Responses for Show #66 - Monday, December 10, 1984

Ric Moser game 2.

Contestants

[<< previous game]

Linda Rogers, an assistant hospital administrator originally from Simsbury, Connecticut

Brian Perachet, a boat captain from Mar Vista, California

Ric Moser, a printing broker from Raymore, Missouri (whose 1-day cash winnings total $2,000)

[next game >>]

Jeopardy! Round responses

SCIENCE
FASHION
SILLY SONGS
PRESIDENTIAL FIRSTS
MOVIES
"ANDY"
    $100 2
6

Ric
    $100 19
(Alex: [Before Linda responds] We've got less than a minute to go.)

Bermuda shorts

Linda
    $100 7
Abraham Lincoln

Brian
    $100 1
handcuffs

Brian
    $100 10
Andy Panda

Linda
    $200 11
iron

Ric
    $200 20
a brassiere

Ric
    $200 24
short people

Linda
    $200 8
John Adams

Ric
    $200 3
(Alex: Have you seen the film? Don't answer that.)
(Ric: Yes, I have.)

Bolero

Ric
    $200 12
the Andy Hardy series

Linda
    $300 13
time

Ric
    $300 21
(Ric: What is a blazer?)

a pea jacket

RicLinda
    $300 9
(Ric: Who was Dwight Eisenhower?)

George Washington

Ric
Triple Stumper
    $300 4
(Brian: What is "What A Feeling"?)
...
(Alex: [sings] She's a [*].)

"Maniac"

Brian
Triple Stumper
    $300 14
Andy Capp

Ric
    $400 17
(Brian: What is a sponge?)

a parasite

BrianLinda
    $400 22
braces

Linda
    $400 5
The Woman in Red

Triple Stumper
    $400 15
The Andy Williams Show

Ric
    $500 18
a sonic boom

Linda
    $500 23
a sackcloth

Linda
    $500 6
Christopher Lloyd

Ric
    $500 16
Andy Warhol

Ric

Scores at the first commercial break (after clue 9):

Ric Brian Linda
$700 -$100 $0

Scores at the end of the Jeopardy! Round:

Ric Brian Linda
$2,300 -$500 $2,700

Double Jeopardy! Round responses

LITERATURE
ELECTIONS
WORLD HISTORY
ANATOMY
GOLF
THE AMERICAS
    $200 12
fairy tales

Ric
    $200 17
Richard Nixon

Ric
    $200 4
(The People's Republic of) China

Linda
    $200 2
your teeth

Brian
    $400 13
first person singular

Brian
    $400 18
Teddy Roosevelt

Brian
    $400 7
the British Empire

Ric
    $400 5
(Ric: [no response])
(Alex: Brian or Linda?)
(Brian: [over Alex] What is the gluteus m...)
(Alex: Whoa, whoa, whoa, you have to ring in.)
[Linda rings in]
(Alex: Linda rang in.)
...
(Alex: You have to remember to ring in.)
[Brian appears to mouth "I tried to" in Alex's direction]

the gluteus maximus

RicLinda
    $400 19
(Alex: We've got less than a minute in the round.)
(Ric: [No response])

the lie

RicLinda
    $600 14
Middle English

Brian
    $600 8
(Linda: Who were the Huns?)

the Franks

RicLinda
    $600 6
the kneecap

Ric
    $600 1
Lee Trevino

Linda
    $600 22
(Brian: What is Quebec?)
...
[The end-of-round signal sounds.]

Ontario

Brian
Triple Stumper
    $1,000 15
the letter E

Brian
    $800 9
the Sandinistas

Brian
    $800 20
(Ric: What is the capula?)

a clavicle

RicLinda
    $800 3
(Brian: What is a million dollars?)

$100,000

RicBrian
    $1000 16
The Lost Generation

Ric
    $1000 11
Brazil

Ric
    $1000 21
(Ric: What are ... the arteries?)

the jugular veins

RicLinda
    $1000 10
[ERRATUM: The Ryder Cup was contested between the United States and European countries as of 1979.]

the U.S. & Great Britain

Ric

Scores at the end of the Double Jeopardy! Round:

Ric Brian Linda
$5,500 $1,500 $5,500

[wagering suggestions for these scores]

Final Jeopardy! Round responses

U.S. GEOGRAPHY
BrianWhat are Missouri and Minn.
$1,500
LindaWhat are Wisconsin + Ark.
$5,400
RicWhat is Louisiana + Minnesota
$5,500
Louisiana and Minnesota

Final scores:

Ric Brian Linda
$11,000 $0 $100
2-day champion: $13,000 3rd place: his and hers jackets 2nd place: hair care appliances and an exercise bike

Game dynamics:

Coryat scores:

Ric Brian Linda
$5,500 $1,300 $5,500
19 R,
6 W
8 R
(including 1 DD),
4 W
15 R,
1 W

Combined Coryat: $12,300

[game clues] [game scores] [suggest correction]

Game tape date: 1984-09-19
The J! Archive is created by fans, for fans. Scraping, republication, monetization, and malicious use prohibited; this site may use cookies and collect identifying information. See terms. The Jeopardy! game show and all elements thereof, including but not limited to copyright and trademark thereto, are the property of Jeopardy Productions, Inc. and are protected under law. This website is not affiliated with, sponsored by, or operated by Jeopardy Productions, Inc. Join the discussion at JBoard.tv.